000 00547nam a2200181Ia 4500
008 090124s9999 xx 000 0 und d
082 _b20448
100 _aभोसले मधु
245 _a जीवन व्यास
250 _a1
260 _b"पॉप्युलर प्रकाशन ,बाँम्बे"
_c1974
300 _a126
600 _aभोसले मधु
630 _a जीवन व्यास
700 _aभोसले मधु
730 _a जीवन व्यास
942 _cBOOK
999 _c91110
_d91110